Foreign-Born Population: Japan Quiz Stats

 Plays Quiz Updated Aug 3, 2018

Score 0/20 Timer 05:00
7 Plays Today
Foreign-Born Population Country % Correct
665,847China
99.1%
52,271United States
98.3%
457,772South Korea
94.6%
15,826United Kingdom
90.1%
26,244India
86.4%
9,843Australia
85.5%
10,672France
82.9%
146,956Vietnam
80.6%
33,939North Korea
75.6%
35,910Indonesia
75.6%
Foreign-Born Population Country % Correct
45,379Thailand
74.3%
48,723Taiwan
68.4%
229,595Philippines
67.9%
173,437Brazil
66.5%
12,708Pakistan
62.3%
10,835Bangladesh
47.5%
13,737Myanmar
46.5%
54,775Nepal
43.9%
13,152Sri Lanka
33.4%
47,721Peru
32.1%

You're not logged in!

Compare scores with friends on all Sporcle quizzes.
OR
Log In

Sporcle TV

Today on Sporcle TV


Watch our educational content, quiz creation guides, and fun videos on Sporcle TV.

Show Comments

Extras

Top Quizzes Today


Score Distribution

Your Account Isn't Verified!

In order to create a playlist on Sporcle, you need to verify the email address you used during registration. Go to your Sporcle Settings to finish the process.

Report this User

Report this user for behavior that violates our Community Guidelines.

Details: